[Event "GER-chT U16"]
[Site "Magdeburg"]
[Date "2023.12.29"]
[Round "5.1"]
[White "Herter, Arne"]
[Black "Mohylnyi, Stepan"]
[Result "1/2-1/2"]
[WhiteElo "1992"]
[BlackElo "2180"]
[PlyCount "102"]
[EventDate "2023.12.26"]
[EventType "team-swiss"]
[EventRounds "7"]
[EventCountry "GER"]
[SourceTitle "CBM 218 Extra"]
[Source "ChessBase"]
[SourceDate "2024.03.31"]
[SourceVersion "1"]
[SourceVersionDate "2024.03.31"]
[SourceQuality "1"]
[WhiteTeam "Magdeburg Schachzwerge"]
[BlackTeam "Nuernberg Noris Tarrasch"]
[WhiteTeamCountry "GER"]
[BlackTeamCountry "GER"]

1. e4 c5 2. Nf3 e6 3. d4 cxd4 4. Nxd4 a6 5. Bd3 Nf6 6. Nc3 Qc7 7. a3 Nc6 8. Be3 b5 9. Nxc6 dxc6 10. 0-0 c5 11. f4 Bb7 12. e5 Nd5 13. Nxd5 Bxd5 14. c4 bxc4 15. Bc2 Rb8 16. Ba4+ Bc6 17. Qc2 Be7 18. Qxc4 0-0 19. Qxa6 Bxa4 20. Qxa4 Rxb2 21. Rad1 Qb7 22. Bf2 Ra8 23. Qd7 Qxd7 24. Rxd7 Bf8 25. Rc1 h6 26. h3 Rc8 27. Rd3 Ra2 28. Rdc3 Rb8 29. R1c2 Rxc2 30. Rxc2 Ra8 31. Rc4 Rxa3 32. Bxc5 Bxc5+ 33. Rxc5 Kh7 34. Rc7 Kg6 35. Kf2 f6 36. exf6 Kxf6 37. Rc5 g5 38. fxg5+ hxg5 39. Rc8 e5 40. Rf8+ Ke6 41. g4 Rxh3 42. Rg8 Kd5 43. Rxg5 Ke4 44. Rg8 Kf4 45. g5 Rh2+ 46. Kf1 Rh5 47. g6 Ke3 48. g7 Rf5+ 49. Kg2 e4 50. Kh3 Rg5 51. Kh4 Rg1 1/2-1/2

[Event "GER-chT U16"]
[Site "Magdeburg"]
[Date "2023.12.28"]
[Round "4.1"]
[White "Mohylnyi, Stepan"]
[Black "Bungarten, Jona"]
[Result "1/2-1/2"]
[WhiteElo "2180"]
[BlackElo "2085"]
[PlyCount "58"]
[EventDate "2023.12.26"]
[EventType "team-swiss"]
[EventRounds "7"]
[EventCountry "GER"]
[SourceTitle "CBM 218 Extra"]
[Source "ChessBase"]
[SourceDate "2024.03.31"]
[SourceVersion "1"]
[SourceVersionDate "2024.03.31"]
[SourceQuality "1"]
[WhiteTeam "Nuernberg Noris Tarrasch"]
[BlackTeam "Brackel"]
[WhiteTeamCountry "GER"]
[BlackTeamCountry "GER"]

1. e4 e5 2. Nf3 Nc6 3. Bb5 Nf6 4. 0-0 Nxe4 5. Re1 Nd6 6. Nxe5 Nxe5 7. Rxe5+ Be7 8. Bf1 0-0 9. Nc3 Bf6 10. Re1 c6 11. d4 Nf5 12. Ne2 d5 13. c3 Re8 14. Ng3 Rxe1 15. Qxe1 Nxg3 16. hxg3 Bf5 17. Bf4 Qd7 18. Qd2 Re8 19. f3 h5 20. Re1 Rxe1 21. Qxe1 Qe6 22. Qd2 Bb1 23. a3 Bg6 24. Bd3 Bxd3 25. Qxd3 h4 26. g4 Qe1+ 27. Qf1 Qxf1+ 28. Kxf1 Kh7 29. g3 Kg6 1/2-1/2

[Event "GER-chT U16"]
[Site "Magdeburg"]
[Date "2023.12.27"]
[Round "2.3"]
[White "Englert, Luca"]
[Black "Mohylnyi, Stepan"]
[Result "0-1"]
[WhiteElo "2149"]
[BlackElo "2180"]
[PlyCount "184"]
[EventDate "2023.12.26"]
[EventType "team-swiss"]
[EventRounds "7"]
[EventCountry "GER"]
[SourceTitle "CBM 218 Extra"]
[Source "ChessBase"]
[SourceDate "2024.03.31"]
[SourceVersion "1"]
[SourceVersionDate "2024.03.31"]
[SourceQuality "1"]
[WhiteTeam "Leipzig VfB"]
[BlackTeam "Nuernberg Noris Tarrasch"]
[WhiteTeamCountry "GER"]
[BlackTeamCountry "GER"]

1. e4 e6 2. d4 d5 3. Nd2 Nf6 4. e5 Nfd7 5. f4 c5 6. c3 cxd4 7. cxd4 Nc6 8. Ndf3 Qa5+ 9. Bd2 Bb4 10. Bd3 Bxd2+ 11. Qxd2 Qxd2+ 12. Kxd2 Nb6 13. b3 Bd7 14. Ne2 Nb4 15. Bb1 0-0 16. Rc1 Rac8 17. a3 Nc6 18. Ba2 a5 19. Rc2 a4 20. bxa4 Na5 21. Rxc8 Rxc8 22. Nc3 Nxa4 23. Nxa4 Bxa4 24. Rc1 Ra8 25. Rc3 Bb5 26. Kc1 Bc4 27. Kb2 Bxa2 28. Kxa2 Nc4 29. Ne1 Kf8 30. Nc2 Ke7 31. Rb3 b6 32. Ne3 Nxe3 33. Rxe3 Ra4 34. Rd3 Rc4 35. Kb3 Kd7 36. Rd1 h5 37. g3 g6 38. a4 Kc6 39. Rd2 Kb7 40. Rd3 Ka6 41. Rc3 Ka5 42. Rxc4 dxc4+ 43. Ka3 c3 44. h3 c2 45. Kb2 Kxa4 46. g4 hxg4 47. hxg4 Kb4 48. d5 exd5 49. f5 gxf5 50. e6 fxe6 51. g5 f4 52. Kxc2 f3 53. Kd2 d4 54. g6 f2 55. Ke2 Kc3 56. g7 d3+ 57. Kxf2 d2 58. g8Q d1Q 59. Qc8+ Kb4 60. Qxe6 Qd4+ 61. Kg2 b5 62. Qe7+ Ka4 63. Qe8 Qc4 64. Kh1 Kb3 65. Qe3+ Kb2 66. Qe5+ Ka2 67. Qh2+ Ka3 68. Qg3+ Qb3 69. Qd6+ b4 70. Qg3 Kb2 71. Qf2+ Qc2 72. Qd4+ Qc3 73. Qf2+ Kb1 74. Qf5+ Qc2 75. Qf2 b3 76. Qf3 b2 77. Qf2 Qc1+ 78. Kh2 Qh6+ 79. Kg3 Qg7+ 80. Kh4 Ka1 81. Qc5 Qh8+ 82. Kg4 Qa8 83. Qc3 Qa4+ 84. Kh5 Ka2 85. Qd2 Qb5+ 86. Kh6 Qc5 87. Qe2 Qd6+ 88. Kg7 Ka1 89. Qe1+ b1Q 90. Qa5+ Kb2 91. Qb5+ Kc2 92. Qc4+ Kd2 0-1

[Event "GER-chT U16"]
[Site "Magdeburg"]
[Date "2023.12.27"]
[Round "1.4"]
[White "Mohylnyi, Stepan"]
[Black "Honisch, Alexander"]
[Result "0-1"]
[WhiteElo "2180"]
[BlackElo "2155"]
[PlyCount "98"]
[EventDate "2023.12.26"]
[EventType "team-swiss"]
[EventRounds "7"]
[EventCountry "GER"]
[SourceTitle "CBM 218 Extra"]
[Source "ChessBase"]
[SourceDate "2024.03.31"]
[SourceVersion "1"]
[SourceVersionDate "2024.03.31"]
[SourceQuality "1"]
[WhiteTeam "Nuernberg Noris Tarrasch"]
[BlackTeam "Bebenhausen"]
[WhiteTeamCountry "GER"]
[BlackTeamCountry "GER"]

1. e4 e5 2. Nf3 Nc6 3. Bb5 a6 4. Ba4 Nf6 5. 0-0 b5 6. Bb3 Bc5 7. c3 d6 8. d4 Bb6 9. dxe5 Nxe5 10. Nxe5 dxe5 11. Qxd8+ Kxd8 12. Bg5 Ke7 13. Nd2 Be6 14. Nf3 Bxb3 15. axb3 Ke6 16. Bxf6 Kxf6 17. Rfd1 Rhd8 18. Kf1 a5 19. Ke2 Ke6 20. Ne1 g6 21. Nc2 c6 22. f3 h5 23. Ne1 f6 24. Nd3 Rd7 25. g3 Rad8 26. b4 a4 27. f4 h4 28. fxe5 hxg3 29. hxg3 fxe5 30. Nc5+ Bxc5 31. Rxd7 Rxd7 32. bxc5 Rh7 33. Rf1 Rh2+ 34. Rf2 Rh1 35. Kf3 Rd1 36. Kg4 Re1 37. Kg5 Rxe4 38. Rd2 b4 39. Rd6+ Ke7 40. Rxc6 a3 41. bxa3 bxc3 42. Rc7+ Ke6 43. Rh7 c2 44. Rh1 Rc4 45. Rc1 Rxc5 46. a4 Kd5 47. a5 Kd4 48. a6 Kd3 49. Kxg6 e4 0-1

[Event "Bayern-chI Bank Hofmann 26th"]
[Site "Tegernsee"]
[Date "2023.11.01"]
[Round "5"]
[White "Mohylnyi, Stepan"]
[Black "Bartali, Simone"]
[Result "1-0"]
[WhiteElo "2120"]
[BlackElo "1793"]
[PlyCount "57"]
[EventDate "2023.10.28"]
[EventType "swiss"]
[EventRounds "9"]
[EventCountry "GER"]
[SourceTitle "CBM 217 Extra"]
[Source "ChessBase"]
[SourceDate "2024.01.31"]
[SourceVersion "1"]
[SourceVersionDate "2024.01.31"]
[SourceQuality "1"]

1. e4 c5 2. Nf3 d6 3. Bb5+ Bd7 4. Bxd7+ Qxd7 5. d4 cxd4 6. Qxd4 Nc6 7. Qd3 Rc8 8. c4 Nf6 9. Nc3 e6 10. b3 Be7 11. 0-0 0-0 12. Bb2 Rfd8 13. Rfd1 a6 14. Rac1 Qc7 15. a3 Na5 16. Ne2 Ng4 17. Nfd4 Qb6 18. Qh3 Ne5 19. Rb1 Bf6 20. f4 Nec6 21. Kh1 e5 22. Nf5 Qc7 23. Nc3 Ne7 24. Nxe7+ Qxe7 25. Nd5 Qf8 26. Nxf6+ gxf6 27. Rd3 Nc6 28. Rg3+ Kh8 29. Qh4 1-0